Architect's guide to the contract administration forms for use with JCT Intermediate Form of Building Contract, IFC98. (Record no. 100528)

MARC details
000 -LEADER
fixed length control field 00954cam a2200253 4500
008 - FIXED-LENGTH DATA ELEMENTS--GENERAL INFORMATION
fixed length control field 000000n2000 000 0 eng u
020 ## - INTERNATIONAL STANDARD BOOK NUMBER
International Standard Book Number 1859460593
035 ## - SYSTEM CONTROL NUMBER
System control number (Sirsi) u106146
050 ## - LIBRARY OF CONGRESS CALL NUMBER
Classification number 692.8
110 ## - MAIN ENTRY--CORPORATE NAME
Corporate name or jurisdiction name as entry element Royal Institute of British Architects
9 (RLIN) 2527
245 ## - TITLE STATEMENT
Title Architect's guide to the contract administration forms for use with JCT Intermediate Form of Building Contract, IFC98.
250 ## - EDITION STATEMENT
Edition statement 2000 ed.
260 ## - PUBLICATION, DISTRIBUTION, ETC.
Place of publication, distribution, etc. London : RIBA Publications, 2000
300 ## - PHYSICAL DESCRIPTION
Extent 54p. ; 30cm
350 ## - PRICE (NR) (BK AM CF MU VM SE) [OBSOLETE]
Price 13.00
650 ## - SUBJECT ADDED ENTRY--TOPICAL TERM
Topical term or geographic name entry element BUILT ENVIRONMENT-BUILDING CONTRACT FORMS
650 ## - SUBJECT ADDED ENTRY--TOPICAL TERM
Topical term or geographic name entry element CONTRACT ADMINISTRATION FORMS
650 ## - SUBJECT ADDED ENTRY--TOPICAL TERM
Topical term or geographic name entry element JCT STANDARD FORM OF BUILDING CONTRACT (1998 EDITION)
650 ## - SUBJECT ADDED ENTRY--TOPICAL TERM
Topical term or geographic name entry element JCT INTERMEDIATE FORM OF BUILDING CONTRACT FOR WORKS OF SIMPLE CONTENT (1998 EDITION)
650 ## - SUBJECT ADDED ENTRY--TOPICAL TERM
Topical term or geographic name entry element INTERMEDIATE FORM OF BUILDING CONTRACT
690 ## - LOCAL SUBJECT ADDED ENTRY--TOPICAL TERM (OCLC, RLIN)
Topical term or geographic name as entry element BUILT ENVIRONMENT-BUILDING CONTRACT FORMS
700 ## - ADDED ENTRY--PERSONAL NAME
Personal name Cox, Stanley
International Standard Serial Number Editor
942 ## - ADDED ENTRY ELEMENTS (KOHA)
Suppress in OPAC 0
Holdings
Withdrawn status Lost status Source of classification or shelving scheme Damaged status Not for loan Home library Current library Shelving location Date acquired Cost, normal purchase price Total Checkouts Full call number Barcode Date last seen Date last checked out Copy number Cost, replacement price Price effective from Koha item type
    Dewey Decimal Classification     London London Folio 31/05/2000 13.00 18 F692.8COX 30061406 06/08/2019 31/05/2006 1 13.00 06/08/2019 Book